LIBRARY & INFORMATION CENTRE, KCAET, TAVANUR

ONLINE PUBLIC ACCESS CATALOGUE (OPAC)

Goa and its future / (Record no. 11389)

MARC details
000 -LEADER
fixed length control field 00350cam a2200145ua 4500
041 ## - LANGUAGE CODE
Language code of text/sound track or separate title eng
082 ## - DEWEY DECIMAL CLASSIFICATION NUMBER
Classification number 954.799
Item number EST/GO
100 ## - MAIN ENTRY--AUTHOR NAME
Personal name Esteves, Sarto .
245 ## - TITLE STATEMENT
Title Goa and its future /
260 ## - PUBLICATION, DISTRIBUTION, ETC. (IMPRINT)
Place of publication Bombay :
Name of publisher Manakjalas ,
Year of publication 1966.
300 ## - PHYSICAL DESCRIPTION
Number of Pages 148 ; .
942 ## - ADDED ENTRY ELEMENTS (KOHA)
Koha item type Books
Holdings
Withdrawn status Lost status Damaged status Home library Current library Date acquired Full call number Accession Number Koha item type
Withdrawn     KAUAET KAUAET 07/04/2012 954.799 10357 Books
free website counter